O direito comparado após a reforma de Bolonha: relatório

Guardado en:
Detalles Bibliográficos
Autor principal: Vicente, Darío Manuel Lentz de Moura (Autor)
Formato: Libro
Lenguaje:portugués
Publicado: Lisboa Coimbra 2009
Materias:
Etiquetas: Agregar Etiqueta
Sin Etiquetas, Sea el primero en etiquetar este registro!

MARC

LEADER 00000nam a2200000 a 4500
001 UCG2136
003 CL-VaPUC
008 100617e20091100PO |||||||||||||||||por|d
082 0 4 |a 340.2  |b VIC  |2 21 
100 0 |a Vicente, Darío Manuel Lentz de Moura  |e author  |9 550471 
245 1 2 |a O direito comparado após a reforma de Bolonha: relatório 
300 |a 254 p 
942 |c BK 
945 |d 20100617 00:00:00  |a dcastane 
260 |a Lisboa  |b Coimbra  |c 2009 
650 0 |a Derecho comparado  |9 255664 
650 0 |a Derecho internacional privado  |9 256361 
650 7 |a DERECHO INTERNACIONAL PUBLICO  |2 CL-VaPUC  |9 550472 
650 0 |a Jurisprudencia  |9 255952 
583 |a last modification  |c 20100617 00:00:00  |k Rodrigo Vera 
999 |c 341371  |d 341369 
952 |0 0  |1 0  |4 0  |6 340_200000000000000_VIC_2009  |7 0  |8 A  |9 436783  |a BIBDER  |b BIBDER  |d 2019-11-22  |i 4685458  |o 340.2 VIC 2009  |p 4685458  |r 2023-01-25  |w 2019-11-22  |y BK  |k DER